书目信息 |
| 题名: |
法律逻辑学案例教程
|
|
| 作者: | 王洪 主编 | |
| 分册: | ||
| 出版信息: | 北京 知识产权出版社 2005.06 |
|
| 页数: | 381页 | |
| 开本: | 21cm | |
| 丛书名: | 高等法学继续教育案例教程丛书 | |
| 单 册: | ||
| 中图分类: | D90-051 | |
| 科图分类: | ||
| 主题词: | 法律逻辑学--案例--终生教育--教材 , 法律逻辑学 , 案例 | |
| 电子资源: | ||
| ISBN: | 7-80198-064-6 | |
| 000 | 00922nam0 2200289 450 | |
| 001 | 003005661 | |
| 005 | 20051222083924.0 | |
| 010 | @a7-80198-064-6@dCNY22.00 | |
| 100 | @a20050119d2005 em y0chiy0110 ea | |
| 101 | 0 | @achi |
| 102 | @aCN@b110000 | |
| 105 | @ay z 000yy | |
| 106 | @ar | |
| 200 | 1 | @a法律逻辑学案例教程@Afa lv luo ji xue an li jiao cheng@f王洪主编 |
| 210 | @a北京@c知识产权出版社@d2005.06 | |
| 215 | @a381页@d21cm | |
| 225 | 1 | @a高等法学继续教育案例教程丛书 |
| 300 | @a中国政法大学继续教育学院教材编审委员会审定 | |
| 330 | @a本书选取了大量的法律逻辑学经典案例,通过对这些案例进行设问、回答、分析,来阐释相关的概念、原理及其适用。 | |
| 606 | 0 | @a法律逻辑学@x案例@x终生教育@j教材 |
| 606 | 0 | @a法律逻辑学 |
| 606 | 0 | @a案例 |
| 690 | @aD90-051@v4 | |
| 701 | 0 | @a王洪@Awang hong@c(法学教授)@4主编 |
| 801 | 0 | @aCN@bJiuFeng@c20051227 |
| 905 | @aBZT@dD90-051@e2@f9 | |
| 906 | @dCNY22.00@n0@r1 | |
| 法律逻辑学案例教程/王洪主编.-北京:知识产权出版社,2005.06 |
| 381页;21cm.-(高等法学继续教育案例教程丛书) |
| 中国政法大学继续教育学院教材编审委员会审定 |
| ISBN 7-80198-064-6:CNY22.00 |
| 本书选取了大量的法律逻辑学经典案例,通过对这些案例进行设问、回答、分析,来阐释相关的概念、原理及其适用。 |
| ● |
| 相关链接 |
|
|
|
正题名:法律逻辑学案例教程
索取号:D90-051/2
 
预约/预借
| 序号 | 登录号 | 条形码 | 馆藏地/架位号 | 状态 | 备注 |
| 1 | 748354 | 2000748354 | 中心书库南/012架A面7层6列/ [索取号:D90-051/2] | 在馆 | |
| 2 | 748355 | 2000748355 | 中心书库南/012架A面7层6列/ [索取号:D90-051/2] | 在馆 | |
| 3 | 748356 | 2000748356 | 中心书库南/012架A面7层6列/ [索取号:D90-051/2] | 在馆 | |
| 4 | 748357 | 2000748357 | 中心书库南/012架A面7层6列/ [索取号:D90-051/2] | 在馆 | |
| 5 | 748358 | 2000748358 | 中心书库南/012架A面7层6列/ [索取号:D90-051/2] | 在馆 | |
| 6 | 748359 | 2000748359 | 中心书库南/012架A面7层6列/ [索取号:D90-051/2] | 在馆 | |
| 7 | 748360 | 2000748360 | 中心书库南/012架A面7层6列/ [索取号:D90-051/2] | 在馆 | |
| 8 | 748361 | 2000748361 | 中心书库南/012架A面7层6列/ [索取号:D90-051/2] | 在馆 | |
| 9 | 748362 | 2000748362 | 中心书库南/012架A面7层6列/ [索取号:D90-051/2] | 在馆 |